التراث التقليدي لملابس النساء في نجد (رقم التسجيلة. 2594)
[ عرض عادي ]
| 000 -الفاتح | |
|---|---|
| حقل البيانات ثابتة الطول | 00895cam a2200241a 44500 |
| 003 - محدد رقم الضبط | |
| رقم الضبط | OSt |
| 005 - وقت وتاريخ اخر تعامل مع التسجيلة | |
| رقم الضبط | 20150408113738.0 |
| 008 - عناصر البيانات ثابتة الطول - معلومات عامة | |
| حقل البيانات ثابتة الطول | 030308s1985 qa g 00000 ara dd |
| 040 ## - مصدر الفهرسة | |
| وكالة الفهرسة الأصلية | SA-RiAUC |
| لغة الفهرسة | ara |
| وكالة النسخ | SA-RiAUC |
| 041 ## - رمز اللغة | |
| رمز لغة النص/ المسارات الصوتية أو العنوان الانفرادي | ara |
| 043 ## - رمز المنطقة الجغرافية | |
| رمز المنطقة الجغرافية | a-su--- |
| 072 0# - رمز الفئه الموضوعية | |
| رمز فئه الموضوع | 043 |
| مجموعة رمز فئه الموضوع | العادات والتقاليد والأدب الشعبي |
| 082 04 - رقم تصنيف ديوى العشرى | |
| رقم التصنيف | 391.2095 ب ل ت |
| 092 ## - رقم استدعاء ديوى المحلى | |
| رقم التصنيف | 391.2095 |
| رقم المادة | ب ل ت |
| 100 1# - المدخل الرئيسى - إسم شخصى | |
| الإسم الشخصى | البسام، ليلى صالح سليمان. |
| 9 (RLIN) | 2683 |
| 245 12 - بيان العنوان | |
| العنوان | التراث التقليدي لملابس النساء في نجد |
| بقية العنوان | دراسة مقارنة / |
| بيان المسئوليه,etc | ليلى صالح البسام. |
| 260 ## - PUBLICATION, DISTRIBUTION, ETC. (IMPRINT) | |
| مكان الناشر او الموزع | الدوحة |
| اسم الناشر او الموزع | مركز التراث الشعبي لدول الخليج العربية، |
| تاريخ النشر أو التوزيع | 1405 = 1985 |
| 300 ## - الوصف المادى | |
| أبعاد الوعاء | 28 سم. 7 |
| 650 ## - المدخل الاضافى بالموضوع-مصطلح موضوعى | |
| مصدر الرأس أو المصطلح | aucsh. 7 |
| 650 ## - المدخل الاضافى بالموضوع-مصطلح موضوعى | |
| التقسيم الفرعي الجغرافي | السعودية |
| -- | نجد |
| مصدر الرأس أو المصطلح | aucsh. 7 |
| 9 (RLIN) | 2684 |
| 651 ## - المدخل الاضافى بالموضوع - اسم جغرافى | |
| التقسيم الفرعي العام | عادات وتقاليد .\\ |
| 9 (RLIN) | 2685 |
| 942 ## - عناصر المدخل الإضافي( كوها) | |
| مصدر التصنيف او مخطط الترفيف | Dewey Decimal Classification |
| Koha [default] item type | كتاب |
| حالة الفقد | نموذج السعر الفعال | حالة تلف | ليس للاعارة | رقم الطلب | تاريخ الاكتساب | الموقع الحالي | الفرع الرئيسي | Date last seen | Total Checkouts | الباركود | نوع المادة فى نظام كوها | مصدر التصنيف او خطة الترفيف | Date last checked out |
|---|---|---|---|---|---|---|---|---|---|---|---|---|---|
| 2013-03-10 | 391.2095 ب ل ت | 2011-12-19 | مكتبة كلية التربية بالزلفى - طالبات (EZF) | مكتبة كلية التربية بالزلفى - طالبات (EZF) | 2017-05-15 | 2 | 00013172 | كتاب | Dewey Decimal Classification | 2016-09-18 | |||
| 2013-03-10 | 391.2095 ب ل ت | 2011-12-19 | مكتبة كلية التربية بالزلفى - طالبات (EZF) | مكتبة كلية التربية بالزلفى - طالبات (EZF) | 2017-05-24 | 1 | 00013173 | كتاب | Dewey Decimal Classification | 2015-08-27 | |||
| 2013-03-10 | 391.209531 ب ٠ت | 2011-05-17 | مكتبة مجمع الطالبات بالمجمعة (EMF) | المكتبة المركزية بالمجمعة (CL) | 2013-03-10 | ||||||||
| 2013-03-10 | 391.2095 ب ل ت | 2011-08-13 | مكتبة مجمع الطالبات بالمجمعة (EMF) | مكتبة مجمع الطالبات بالمجمعة (EMF) | 2013-03-10 | 00022381 | كتاب | Dewey Decimal Classification |
